Advances in microbial biotechnology: Current trends and future prospects (Record no. 33677)
[ view plain ]
| 000 -LEADER | |
|---|---|
| fixed length control field | 00497nam a2200169Ia 4500 |
| 008 - FIXED-LENGTH DATA ELEMENTS--GENERAL INFORMATION | |
| fixed length control field | 230917s9999||||xx |||||||||||||| ||und|| |
| 020 ## - ISBN | |
| Price | GBP149 |
| 040 ## - CATALOGING SOURCE | |
| -- | 258941 |
| Original cataloging agency | VIVEKANANDA LIBRARY |
| 041 ## - Language | |
| -- | English |
| 082 ## - DDC NUMBER | |
| Classification number | 579 P882A |
| 100 ## - MAIN ENTRY--PERSONAL NAME | |
| Personal name | Pradeep Kumar, ed. |
| 245 #0 - TITLE STATEMENT | |
| Title | Advances in microbial biotechnology: Current trends and future prospects |
| 260 ## - PUBLICATION, DISTRIBUTION, ETC. (IMPRINT) | |
| Place of publication, distribution, etc | Canada |
| Name of publisher, distributor, etc | Apple Academic Press |
| Date of publication, distribution, etc | 2019 |
| 300 ## - PHYSICAL DESCRIPTION | |
| Pages | xvi, 573 p. |
| 500 ## - GENERAL NOTE | |
| General note | 3701 07/11/2019 IBS19/169 11/11/2019 Main Budget |
| 942 ## - ADDED ENTRY ELEMENTS (KOHA) | |
| Koha item type | Books |
| Withdrawn status | Lost status | Damaged status | Not for loan | Location (home branch) | Sublocation or collection (holding branch) | Date acquired | Koha issues (times borrowed) | Koha full call number | Accession No. | Koha date last seen | Koha item type |
|---|---|---|---|---|---|---|---|---|---|---|---|
| VIVEKANANDA LIBRARY | VIVEKANANDA LIBRARY | 03/12/2019 | 579 P882A | 390761 | 17/09/2023 | Books |
